| 000 | 00399cam a2200157ua 4500 | ||
|---|---|---|---|
| 020 | _a0-08-024432-7 | ||
| 041 |
_aeng _h |
||
| 082 |
_a631.584 1 _bBUC/FA |
||
| 100 | _aBuckett, Maurice. | ||
| 245 |
_aFarm organisation and management / _cMaurice Buckett. _hTextual Documents |
||
| 260 |
_aOxford : _bPergamon Press , _c1985. |
||
| 300 | _a313 ; . | ||
| 504 | _a | ||
| 942 | _cBK | ||
| 999 |
_c372 _d372 |
||